PRINCIPLES OF PHYSICAL CHEMISTRY (Record no. 15528)

MARC details
000 -LEADER
fixed length control field 00341nam a22001577a 4500
003 - CONTROL NUMBER IDENTIFIER
control field SGT
020 ## - INTERNATIONAL STANDARD BOOK NUMBER
International Standard Book Number 978-93-82956-78-5
082 ## - DEWEY DECIMAL CLASSIFICATION NUMBER
Classification number 615.19
Item number P18K
100 ## - MAIN ENTRY--PERSONAL NAME
Personal name PURI, B.R.
245 ## - TITLE STATEMENT
Title PRINCIPLES OF PHYSICAL CHEMISTRY
250 ## - EDITION STATEMENT
Edition statement 47th
260 ## - PUBLICATION, DISTRIBUTION, ETC. (IMPRINT)
Place of publication, distribution, etc DELHI
Name of publisher, distributor, etc VISHAL PUB
Year of Publication 2017
300 ## - PAGE DESCRIPTION
No. of Pages 1366
650 ## - SUBJECT ADDED ENTRY--TOPICAL TERM
Topical term or geographic name as entry element PHARMACY
942 ## - ADDED ENTRY ELEMENTS (KOHA)
Source of classification or shelving scheme Dewey Decimal Classification
Koha item type Books
Holdings
Withdrawn status Lost status Source of classification or shelving scheme Damaged status Use restrictions Not for loan Collection code Home library Current library Shelving location Date acquired Vendor Name Cost, normal purchase price SGTU Bill Number Full call number Accession No. (Barcode) Date last seen Bill Date Koha item type Total Checkouts Date last borrowed
    Dewey Decimal Classification   Restricted Access   PHARMACY SGT FA-FP Library SGT FA-FP Library Reference Book 28/05/2018 AHUJA PUB 695.00 SGTU 9734 615.19 P18K FP2871 28/05/2018 15/05/2018 Books    
    Dewey Decimal Classification       PHARMACY SGT FA-FP Library SGT FA-FP Library Text Book 28/05/2018 AHUJA PUB 695.00 SGTU 9734 615.19 P18K FP2872 28/05/2018 15/05/2018 Books    
    Dewey Decimal Classification       PHARMACY SGT FA-FP Library SGT FA-FP Library Text Book 28/05/2018 AHUJA PUB 695.00 SGTU 9734 615.19 P18K FP2873 28/05/2018 15/05/2018 Books    
    Dewey Decimal Classification       PHARMACY SGT FA-FP Library SGT FA-FP Library Text Book 28/05/2018 AHUJA PUB 695.00 SGTU 9734 615.19 P18K FP2874 28/05/2018 15/05/2018 Books    
    Dewey Decimal Classification       PHARMACY SGT FA-FP Library SGT FA-FP Library Text Book 28/05/2018 AHUJA PUB 695.00 SGTU 9734 615.19 P18K FP2875 10/05/2019 15/05/2018 Books 1 02/05/2019